00623nam a2200181Ia 4500008004100000020001800041041000800059082001300067100001600080245002600096260003400122300000800156365001600164700001600180906005200196999001900248952017400267230718s9999 xx 000 0 und d a9780198084587 aeng a004bKUL aKulkarni V. aTheory Of Computation c2013bOxford University Press a529 cRs.b450.00 aKulkarni V. dO:0575807-Nov-2017B:481030-Oct-2017cCOMPb3150 c345891d345891 00104070aCCEPbCCEPd2017-11-07eVaibhav Book HousefCOMPg324.00i4810l22o004pCCEP-BK-57098r2026-03-17 12:15:25s2026-03-04t3150v450.00w2017-10-30yBKz057098